| 000 | 00694cam a2200217 i 4500 | ||
|---|---|---|---|
| 999 |
_c59807 _d59807 |
||
| 001 | 19340405 | ||
| 003 | Ge_BSU | ||
| 005 | 20230421135116.0 | ||
| 008 | 161019s2017 enka b 001 0 eng d | ||
| 020 | _a9780198753896x | ||
| 035 | _a(OCoLC)ocn960030312 | ||
| 041 | _aeng | ||
| 080 | _a159.97 L-66 | ||
| 100 | 1 |
_aLlewelyn, Susan P. _917716 |
|
| 245 | 1 | 0 |
_aClinical psychology : _ba very short introduction / _cSusan Llewelyn and Katie Aafjes-van Doorn. |
| 264 | 1 |
_aOxford ; _bOxford University Press, _c2017. |
|
| 300 |
_a132 pages : _billustrations ; _c17 cm. |
||
| 653 | _aფსიქოლოგია | ||
| 700 | 1 |
_aAafjes-van Doorn, Katie _eავტორი _917717 |
|
| 942 |
_2udc _cBK |
||